Statistics for Name that Serie A team

Click here to take the quiz!

General Stats

  • This quiz has been taken 2,103 times
    (2,046 since last reset)
  • The average score is 10 of 13

Answer Stats

HintAnswer% Correct
Known as 'The Old Lady'Juventus
99%
The most successful club in EuropeMilan
97%
Fierce Rivals with RomaLazio
96%
Known as 'La Viola'Fiorentina
91%
The only Serie A club that has never been relegatedInter Milan
91%
Managed by Rafa BenitezNapoli
91%
The club mascot is a WolfRoma
91%
The team the Di Natale plays forUdinese
86%
This team wears Dark Blue and Red as home colorsBologna
68%
Closest team to relegation at the end of 2012/13Genoa
64%
The other team that wears Dark Blue and RedCagliari
61%
The team that have an Elephant on their logoCatania
45%
Reigning champions of the Serie BSassuolo
40%

Score Distribution

Percentile by Number Answered

Percent of People with Each Score

Your Score History

You have not taken this quiz since the last reset